Statistics for Songs of 1983

Click here to take the quiz!

General Stats

  • This quiz has been taken 1,667 times
  • The average score is 14 of 22

Answer Stats

HintAnswer% Correct
Billie JeanMichael Jackson
99%
Every Breath You TakeThe Police
95%
Girls Just Want to Have FunCyndi Lauper
94%
Uptown GirlBilly Joel
91%
Total Eclipse of the HeartBonnie Tyler
88%
Karma ChameleonCulture Club
86%
Sweet Dreams (Are Made of This)Eurythmics
86%
Sunday Bloody SundayU2
83%
Let's DanceDavid Bowie
82%
HolidayMadonna
79%
99 LuftballonsNena
78%
Flashdance... What a FeelingIrene Cara
70%
All Night Long (All Night)Lionel Richie
69%
Owner of a Lonely HeartYes
58%
TrueSpandau Ballet
56%
Gimme All Your Lovin'ZZ Top
53%
She Works Hard for the MoneyDonna Summer
46%
Talking in Your SleepThe Romantics
28%
Give it upKC & the Sunshine Band
26%
JeopardyGreg Kihn Band
23%
The TrooperIron Maiden
19%
Vamos a la playaRigheira
5%

Score Distribution

Percentile by Number Answered

Percent of People with Each Score

Your Score History

You have not taken this quiz